000 00960nam0a22002651 4500
001 rc\4613880
005 20260407100157.0
021 _aRU
_bРг5475-63
035 _a(NLR Aleph) 008395678
090 _a9204759
_c9204759
100 _a20130416d1963 |||y0rusy50 ca
101 0 _arus
_ageo
102 _aRU
105 _ay z |||||
200 1 _aТезисы докладов
_fАкад. наук Груз. ССР. XI Науч. сессия Гос. музея Грузии им. акад. С.Н. Джанашиа. 1963 г.
210 _aТбилиси
_cБ. и.
_d1963
215 _a12 с.
_d22
300 _aТекст парал. на рус. и груз. яз.
710 0 2 _aМузей Грузии им. С. Н. Джанашиа
_bНаучная сессия, 11-я
_cТбилиси
_f1963
_9609183
_3RU\NLR\AUTH\8810054343
801 0 _aRU
_bNLR
_gpsbo
801 1 _aRU
_bELAR
_2rusmarc
852 _aNLR
_bОНЛ
942 _cBOOK
980 _aNB